000 nam a22 7a 4500
999 _c9557
_d9557
008 180205b ||||| |||| 00| 0 eng d
100 _aSheoran, A
_95008
245 _aEnvironment education for all- XI
260 _aNew Delhi
_bArya Publication
_c2007